000 00765nam a2200241 i 4500
001 109430
003 ES-MaACL
005 20250822062532.0
007 t|
008 061121s1971 sp |||| | spa d
080 _a75 Goya y Lucientes, Francisco de
080 _a791.862(0:7)
100 1 _aMújica Gallo, Manuel.
_984090
245 1 0 _aGoya, figura del toreo /
_cManuel Mújica Gallo ; prólogo de Gregorio Marañón.
260 _aMadrid :
_bCultura Hispánica,
_c1971.
300 _a114 p. ;
_c21 cm.
600 1 4 _aGoya, Francisco de,
_d1746-1828
_9240353
650 4 _aCorridas de toros-
_xEn el arte.
_911372
700 1 _aMarañón, Gregorio,
_d1914-2002
_976314
852 _aES-MaACL
_jC-47258
942 _2udc
999 _c109430
_d109430